000 00595nam a2200229Ia 4500
003 OSt
005 20220918184233.0
006 a|||||r|||| 00| 0
007 ta
008 220917b |||||||| |||| 00| 0 eng d
024 _a45,510
037 _cTextual
040 _aARTS
_cARTS
_beng
041 _2eng
_aeng
082 _aO31,1G50(P32), 32J6
100 _aGeorge K M
245 0 _aRama caritam and the study of early Malayalam
260 _c1956
650 _aENGLISH LITERATURE
942 _hO31,1G50(P32), 32J6
_cTEXL
_2CC
999 _c175713
_d175713